Images of Organization /

Contenido: Introducción; Mecanización de las organizaciones; Ecología organizacional; Aprendizaje, autogestión y las organizaciones como cerebros; Las organizaciones como culturas; Intereses, conflictos y poder: las organizaciones como sistemas políticos; Explorando la cueva de Platón: las organizac...

Fuld beskrivelse

Guardado en:
Bibliografiske detaljer
Hovedforfatter: Morgan, Gareth (autor)
Format: Bog
Sprog:engelsk
Udgivet: Los Angeles, EUA : Sage, 1997, c1997
Udgivelse:2a edición
Fag:
Tags: Tilføj Tag
Ingen Tags, Vær først til at tagge denne postø!

MARC

LEADER 00000nam^a2200000^a^4500
001 000123402
005 20250521000000.0
009 20260310094537.861
020 |a 0-7619-0632-0 
037 |a Acervo ITESO - Biblioteca 
041 |a ING 
082 |a 658. 4063  |b MOR 
100 |a Morgan, Gareth  |e (autor) 
245 1 0 |a Images of Organization /  |c G. Morgan. 
250 |a 2a edición 
264 4 |a Los Angeles, EUA :  |b Sage,  |c 1997, c1997 
300 |a 485 p. 
336 |a texto  |b txt  |2 rdacontenido 
337 |a sin mediación  |b n  |2 rdamedio 
338 |a volumen  |b nc  |2 rdasoporte 
520 |a Contenido: Introducción; Mecanización de las organizaciones; Ecología organizacional; Aprendizaje, autogestión y las organizaciones como cerebros; Las organizaciones como culturas; Intereses, conflictos y poder: las organizaciones como sistemas políticos; Explorando la cueva de Platón: las organizaciones como prisiones psíquicas; Las organizaciones como flujo y transformación; El rostro desagradable: las organizaciones como instrumentos de dominación; El reto de la metáfora; Leer y formar la vida organizacional. 
649 |a XX 
650 |a Comportamiento Organizacional 
650 |a Desarrollo Organizacional 
650 |a Psicología Laboral 
650 |a Proceso Administrativo -  |x Dirección 
650 |a Administración 
650 |a Ciencias Administrativas 
910 |a Fondo General 
920 |a Impresos - Libros 
930 |a Colección General 
905 |a 101 
901 |a 0500057285  |b IT1  |c ACC  |u 20250521 
902 |a https://opac.biblio.iteso.mx/vufind/Record/000123402